000
00242 a2200097 4500
001
52237
100
_a
Altaf Ahmed Kheri
245
_a
Islam: A Comprehensive Guide Book
260
_a
Karachi
_b
Karachi Printing Press
_c
090
_c
32900
_d
32900
942
_a
NUST-CAE
_c
M
_c
25448
999
_c
287310
_d
287310